000
00322nam a22001337a 4500
008
180917b xxu||||| |||| 00| 0 eng d
020
_a
9780534338565
041
_a
eng
080
_2
5 ED
_a
159.9
100
_a
48
101
_a
PSI
245
_a
Theory Of Counseling And Psychotherapy
_c
Corey.G
942
_2
udc
_c
BK
999
_c
47841
_d
47841